Algebra & trigonometry: enhanced with graphing utilities
Guardat en:
| Autor principal: | |
|---|---|
| Format: | Llibre |
| Idioma: | Undetermined |
| Publicat: |
New Jersey
Pearson Prentice Hall
2006
|
| Matèries: | |
| Etiquetes: |
Afegir etiqueta
Sense etiquetes, Sigues el primer a etiquetar aquest registre!
|
| Thư viện lưu trữ: | Trung tâm Học liệu Trường Đại học Cần Thơ |
|---|
| LEADER | 00595nam a2200193Ia 4500 | ||
|---|---|---|---|
| 001 | CTU_117406 | ||
| 008 | 210402s9999 xx 000 0 und d | ||
| 082 | |a 512.13 | ||
| 082 | |b S951 | ||
| 100 | |a Sullivan, Michael | ||
| 245 | 0 | |a Algebra & trigonometry: enhanced with graphing utilities | |
| 245 | 0 | |c Michael Sullivan, Michael Sullivan III | |
| 260 | |a New Jersey | ||
| 260 | |b Pearson Prentice Hall | ||
| 260 | |c 2006 | ||
| 650 | |a Algebra,Trigonometry,Algebra | ||
| 650 | |x Textbooks,Textbooks,Graphic methods | ||
| 904 | |i Truc | ||
| 980 | |a Trung tâm Học liệu Trường Đại học Cần Thơ | ||